Countries Starting or Ending with the same 4 letters - Statistics

General Stats
  • This quiz has been taken 43 times
  • The average score is 26 of 36
Answer Stats
Part Country Matching Country % Correct
Start South Korea South Sudan
93%
Start South Africa South Sudan
93%
End Sudan South Sudan
93%
End Equatorial Guinea Guinea
88%
Start United Arab Emirates United States
88%
Start Guinea Guinea Bissau
86%
End North Korea South Korea
86%
Start Turkey Turkmenistan
86%
Start United Kingdom United Arab Emirates
86%
Start United States United Kingdom
86%
Start Australia Austria
83%
End Tajikistan Pakistan
83%
End New Zealand Ireland
81%
End Poland Ireland
81%
End Uruguay Paraguay
81%
Start South Korea South Africa
81%
Start Dominica Dominican Republic
79%
End New Zealand Iceland
79%
End Poland Iceland
79%
End Ireland Iceland
79%
Start North Korea North Macedonia
79%
End Lithuania Mauritania
76%
End New Zealand Poland
76%
End Marshall Islands Solomon Islands
71%
End Guinea Papua New Guinea
64%
End Equatorial Guinea Papua New Guinea
64%
End Zambia Gambia
62%
End Dominican Republic Central African Republic
55%
End New Zealand Switzerland
50%
End Poland Switzerland
50%
End Ireland Switzerland
50%
End Iceland Switzerland
50%
End F.S. Micronesia Indonesia
43%
End Dem. Rep. Congo Rep. Congo
36%
End Lithuania Romania
33%
End Mauritania Romania
33%
No matching quizzes found
Score Distribution
Percent of People with Each Score
Percentile by Number Answered
Your Score History
You have not taken this quiz